| 000 | 01039nam a22002537a 4500 | ||
|---|---|---|---|
| 999 |
_c17588 _d17588 |
||
| 003 | AR-CdUCM | ||
| 008 | 190509b ||||| |||| 00| 0 spa d | ||
| 020 | _a84-291-4820-5 | ||
| 040 |
_aMUNICIPALIDAD PROVINCIAL DEL CUSCO _cBIBLIOTECA MUNICIPAL DEL CUSCO |
||
| 082 |
_a670 / _bG25 |
||
| 100 |
_aGarmo, E. Paul de _937688 |
||
| 245 | _aMateriales y procesos de fabricación / | ||
| 260 |
_aBarcelona : _bReverte, _c1975. |
||
| 300 |
_a983 paginas ; _bIlustraciones, _c23 cm. |
||
| 500 | _aTitulo original : Materials and processes in manufacturing | ||
| 505 | _aContenido : Materiales -- Propiedades de los materiales -- Procesos de fundición y modelado -- Procesos de maquinado -- Soldadura y procesos asociados -- Soldadura de forja, con gas y de arco... | ||
| 650 |
_aLos metales _937689 |
||
| 650 |
_aAleaciones no ferrosas _937690 |
||
| 650 |
_aMetalurgia de polvos _937691 |
||
| 650 |
_aTorneado y maquinas _937692 |
||
| 700 |
_aPalamidessi, Hugo (Traducción) _937693 |
||
| 942 |
_2ddc _cLIBROS |
||
| 945 |
_awnts _d2019-05-08 |
||